Guess the Fusion Rock Song Lyrics #291 - Statistics

General Stats
  • This quiz has been taken 14 times
  • The average score is 120 of 159
Answer Stats
Answer % Correct
a
100%
And
100%
and
100%
be
100%
I
100%
in
100%
The
100%
the
100%
to
100%
for
91%
it
91%
love
91%
me
91%
when
91%
you
91%
your
91%
arms
82%
can't
82%
do
82%
go
82%
is
82%
just
82%
Just
82%
my
82%
that
82%
There
82%
with
82%
again
73%
am
73%
fall
73%
help
73%
take
73%
then
73%
time
73%
every
64%
I'm
64%
into
64%
night
64%
one
64%
Anne Murray
55%
eyes
55%
happens
55%
here
55%
know
55%
look
55%
must
55%
oh
55%
way
55%
myself
45%
Or
45%
really
45%
Baby
36%
coming
36%
dream
36%
Dreaming
36%
dreaming
36%
hold
36%
though
36%
true
36%
lying
27%
seems
27%
star
27%
Heaven
18%
moment
18%
touch
18%
awake
9%
fly
9%
Magic
9%
magic
9%
wide
9%
Easy
0%
No matching quizzes found
Score Distribution
Percent of People with Each Score
Percentile by Number Answered
Your Score History
You have not taken this quiz